Geography Quiz

Random Geography or City Quiz

US Populous Metro Areas Quiz Stats

 Plays Quiz Updated Jun 6, 2015

Score 0/30 Timer 08:00
8 Plays Today
% Correct
New York
99.4%
Los Angeles
97%
Chicago
96.1%
Miami
95%
Dallas-Fort Worth
94.5%
Seattle-Tacoma
93.4%
San Francisco Bay Area
92.7%
Boston
92.6%
Houston
92.1%
Atlanta
91.1%
Philadelphia
89.4%
Detroit
89.1%
Washington
88.4%
Denver
87.6%
Las Vegas
85.7%
% Correct
San Diego
85.5%
Phoenix-Mesa
84.9%
Minneapolis-St.Paul
82.6%
St Louis
79.2%
Portland
77.4%
Charlotte
76.6%
San Antonio
75.1%
Pittsburgh
74.5%
Kansas City
72.4%
Baltimore
70.4%
Orlando
70%
Tampa Bay Area
64.3%
Cincinnati
58.5%
Sacramento
56.8%
Riverside-San Bernardino
20%

You're not logged in!

Compare scores with friends on all Sporcle quizzes.
OR
Log In

Sporcle TV

Today on Sporcle TV


Watch our educational content, quiz creation guides, and fun videos on Sporcle TV.

Show Comments

Extras

Top Quizzes Today


Score Distribution

Your Account Isn't Verified!

In order to create a playlist on Sporcle, you need to verify the email address you used during registration. Go to your Sporcle Settings to finish the process.

Report this User

Report this user for behavior that violates our Community Guidelines.

Details: